[Event "SLO-ch blind"]
[Site "Slovenia"]
[Date "2001.??.??"]
[Round "?"]
[White "Hrovat, Janez"]
[Black "Bobinski, Milan"]
[Result "1/2-1/2"]
[WhiteElo "1655"]
[BlackElo "1885"]
[PlyCount "59"]
[EventDate "2001.??.??"]
[EventType "swiss"]
[EventRounds "9"]
[EventCountry "SLO"]
[SourceTitle "EXT 2003"]
[Source "ChessBase"]
[SourceDate "2002.11.25"]
[SourceVersion "1"]
[SourceVersionDate "2002.11.25"]
[SourceQuality "1"]

1. d4 d5 2. Bf4 Nf6 3. e3 e6 4. c3 c5 5. h3 Nc6 6. Qc2 h6 7. Nf3 Bd7 8. Bd3 Be7 9. Ne5 c4 10. Nxc6 Bxc6 11. Be2 Ne4 12. Nd2 Nd6 13. 0-0 0-0 14. Nf3 Rc8 15. Ne5 Be8 16. Bh2 Ne4 17. f3 Nf6 18. e4 Bd6 19. Ng4 Nxg4 20. fxg4 Bxh2+ 21. Kxh2 dxe4 22. Qxe4 Bc6 23. Qf4 Bd5 24. Bf3 Bxf3 25. Rxf3 Qb6 26. Qd2 Qd6+ 27. Kg1 Qb6 28. Kh1 Rcd8 29. Qc2 Rd5 30. b3 1/2-1/2